Music Quiz

Random Music or Classical Quiz

Classical Composers Quiz Stats

 Plays Quiz not verified by Sporcle

Score 0/5 Timer 10:00
0 Plays Today
Dates Composer % Correct
1756-1791Mozart
98.8%
1770-1827Beethoven
98.8%
1732-1809Haydn
83.8%
1714-1787Gluck
52.5%
1714-1788CPE Bach
37.5%

You're not logged in!

Compare scores with friends on all Sporcle quizzes.
OR
Log In

Show Comments

Extras

Created Feb 28, 2012ReportNominate
Tags:Classical Quiz, composer, date, genre

Top Quizzes Today


Score Distribution

Your Account Isn't Verified!

In order to create a playlist on Sporcle, you need to verify the email address you used during registration. Go to your Sporcle Settings to finish the process.

Report this User

Report this user for behavior that violates our Community Guidelines.

Details: